000 00798nam a22002057a 4500
999 _c371124
_d371124
008 201127b ||||| |||| 00| 0 eng d
040 _aDE-2950
_bger
_cDE-2950
_erda
041 _ager
100 _aGutke, Thomas:
245 _aStadtwerke Frankfurt erhöhen Preise für Strom und Gas.
_bEnergieversorgung: Wie die meisten Versorger in Deutschland verlangen auch die Stadtwerke zum 1. Januar 2022 mehr Geld von ihren Kunden /
_cThomas Gutke
264 _c2021
653 _aFrankfurt (Oder)
653 _aEnergieversorgung
653 _aStadtwerke
773 _dFrankfurt (Oder) Märkisches Verlags- und Druckhaus GmbH & Co KG
_tMärkische Oderzeitung
_g32. Jahrgang (2021) Nr. 268 vom 16.11.2021, S. 13
942 _cA